Poesía Al Deporte

Uloženo v:
Podrobná bibliografie
Hlavní autor: García Valverde, Orlando
Médium: Kniha
Jazyk:Undetermined
Vydáno: San José, Costa Rica Ministerio de Cultura, Juventud y Deportes 1980
Témata:
Tagy: Přidat tag
Žádné tagy, Buďte první, kdo vytvoří štítek k tomuto záznamu!

MARC

LEADER 00000nam a2200000Ia 4500
008 170316s9999 xx 000 0 und d
040 |a cru BVZT 
090 |a 868 G-6p 
100 |a García Valverde, Orlando 
245 |a Poesía Al Deporte 
260 |a San José, Costa Rica 
260 |b Ministerio de Cultura, Juventud y Deportes 
260 |c 1980 
300 |a 82 páginas 
650 |a LITERATURA COSTARRICENSE 
999 |c 11178  |d 11178 
942 |c 15 D  |h 868 G-6p  |2 z